Văn hóa dân gian người La Chí

Salvato in:
Dettagli Bibliografici
Natura: Libro
Pubblicazione: H. Khoa học xã hội 2015
Tags: Aggiungi Tag
Nessun Tag, puoi essere il primo ad aggiungerne! !
Thư viện lưu trữ: Mạng thư viện Đại học Đà Nẵng
LEADER 00877nam a2200217 4500
001 000023678
003 20131
005 20160115090149.0
008 160115s2015 sd
245 1 0 |a Văn hóa dân gian người La Chí  |c Trần Hữu Sơn (ch.b.), Nguyễn Văn Thắng, Bùi Duy Chiến.. 
260 |a H.  |b Khoa học xã hội  |c 2015 
774 |d H.  |d Khoa học xã hội  |d 2015  |g Q.1  |h 495 tr.  |n ĐTTS ghi: Hội Văn nghệ dân gian Việt Nam  |t Văn hóa dân gian người La Chí  |w 20132 
774 |d H.  |d Khoa học xã hội  |d 2015  |g Q.2  |h 423 tr.  |n ĐTTS ghi: Hội Văn nghệ dân gian Việt Nam  |t Văn hóa dân gian người La Chí  |w 20133 
OWN |a LSP 
999 |a From the UDN01 
TYP |a Monograph 
TYP |a Printed language 
980 |a Mạng thư viện Đại học Đà Nẵng